000 00661nam a2200229Ia 4500
003 OSt
005 20220928115446.0
006 a|||||r|||| 00| 0
007 ta
008 220927b |||||||| |||| 00| 0 eng d
024 _a55965
037 _cTextual
040 _aSDCL
_cSDCL
_beng
041 _2eng
_aeng
082 _aY71:83(J781).2'A, M1
100 _aSethna K D
_9418465
245 0 _aKarpasa in prehidtoric India
_b A chronological and cultural clue.
260 _aNew Delhi
_bBiblia Impex Private
_c1981
300 _axi,203p
_ccm.
942 _hY71:83(J781).2'A, M1
_cTEXL
_2CC
999 _c759445
_d759445